|
|
|
|
| LEADER |
00000cam a22000004a 4500 |
| 001 |
musev2_954 |
| 003 |
MdBmJHUP |
| 005 |
20230905040142.0 |
| 006 |
m o d |
| 007 |
cr||||||||nn|n |
| 008 |
031010s2004 alu o 00 0 eng d |
| 010 |
|
|
|z 2003022014
|
| 020 |
|
|
|a 9780817381790
|
| 020 |
|
|
|z 9780817350727
|
| 020 |
|
|
|z 9780817313869
|
| 035 |
|
|
|a (OCoLC)320324560
|
| 040 |
|
|
|a MdBmJHUP
|c MdBmJHUP
|
| 043 |
|
|
|a n-us---
|
| 050 |
0 |
4 |
|a PS1744.G57
|b Z6 2004
|
| 082 |
0 |
|
|a 818/.409
|2 22
|
| 245 |
0 |
0 |
|a Charlotte Perkins Gilman and Her Contemporaries :
|b Literary and Intellectual Contexts /
|c edited by Cynthia J. Davis and Denise D. Knight.
|
| 264 |
|
1 |
|a Tuscaloosa :
|b University of Alabama Press,
|c 2004.
|
| 264 |
|
3 |
|a Baltimore, Md. :
|b Project MUSE,
|c 2012
|
| 264 |
|
4 |
|c ©2004.
|
| 300 |
|
|
|a 1 online resource (271 pages).
|
| 336 |
|
|
|a text
|b txt
|2 rdacontent
|
| 337 |
|
|
|a computer
|b c
|2 rdamedia
|
| 338 |
|
|
|a online resource
|b cr
|2 rdacarrier
|
| 504 |
|
|
|a Includes bibliographical references (p. [219]-239) and index.
|
| 505 |
0 |
|
|a The two Mrs. Stetsons and the "romantic summer" / Cynthia J. Davis -- When the marriage of true minds admits impediments : Charlotte Perkins Gilman and William Dean Howells / Joanne B. Karpinski -- Charlotte Perkins Gilman v. Ambrose Bierce : the literary politics of gender in fin-de-siecle California / Lawrence J. Oliver and Gary Scharnhorst -- Charlotte Perkins Gilman, William Randolph Hearst, and the practice of ethical journalism / Denise D. Knight -- "The Overthrow" of gynaecocentric culture : Charlotte Perkins Gilman and Lester Frank Ward / Judith A. Allen -- Mrs. Stetson and Mr. Shaw in Suffolk : animadversions and obstacles / Janice J. Kirkland -- The sins of the mothers and Charlotte Perkins Gilman's covert alliance with Catharine Beecher / Monika Elbert -- Gilman's The crux and Owen Wister's The Virginian : intertextuality and "woman's manifest destiny / Jennifer S. Tuttle -- Creating great women : Mary Austin and Charlotte Perkins Gilman / Melody Graulich -- From near-dystopia to utopia : a source for Herland in Inez Haynes Gillmore's Angel Island / Charlotte Rich -- Charlotte Perkins Gilman's With her in Ourland : Herland meets heterodoxy / Lisa A. Long -- "All is not sexuality that looks it" : Charlotte Perkins Gilman and Karen Horney on Freudian psychoanalysis / Mary M. Moynihan.
|
| 588 |
|
|
|a Description based on print version record.
|
| 600 |
1 |
0 |
|a Gilman, Charlotte Perkins,
|d 1860-1935
|x Contemporaries.
|
| 600 |
1 |
0 |
|a Gilman, Charlotte Perkins,
|d 1860-1935
|x Friends and associates.
|
| 600 |
1 |
0 |
|a Gilman, Charlotte Perkins,
|d 1860-1935
|x Criticism and interpretation.
|
| 650 |
|
0 |
|a Sex role in literature.
|
| 650 |
|
0 |
|a American literature
|y 20th century
|x History and criticism.
|
| 650 |
|
0 |
|a American literature
|y 19th century
|x History and criticism.
|
| 650 |
|
0 |
|a Women and literature
|z United States
|x History
|y 20th century.
|
| 650 |
|
0 |
|a Women and literature
|z United States
|x History
|y 19th century.
|
| 651 |
|
0 |
|a United States
|x Intellectual life.
|
| 655 |
|
7 |
|a Electronic books.
|2 local
|
| 700 |
1 |
|
|a Knight, Denise D.,
|d 1954-
|
| 700 |
1 |
|
|a Davis, Cynthia J.,
|d 1964-
|
| 710 |
2 |
|
|a Project Muse.
|e distributor
|
| 830 |
|
0 |
|a Book collections on Project MUSE.
|
| 856 |
4 |
0 |
|z Texto completo
|u https://projectmuse.uam.elogim.com/book/954/
|
| 945 |
|
|
|a Project MUSE - Custom Collection
|
| 945 |
|
|
|a Project MUSE - Archive Complete Foundation
|
| 945 |
|
|
|a Project MUSE - Archive Literature Foundation
|